00603nam a22001577a 450000500170000001000150001702000270003203500150005903700130007408200160008710000180010324500980012126000550021927000940027430000770036820220308152427.0 aENG-131879 a9789353885212c1395.00 aEN-1154011 bDBAD/PUB a333.3154b1 aNayak,Pradeep aLand Reforms to Land Titling:bEmerging Paradigms of Land Governance in india/cPradeep Nayak bSAGE Publications India Pvt Ltda New Delhic2021 aB1/1-1 Mohan Cooperative Industrial Area Mathura Roadb New Delhie110044mwww.sagepub.in axvii,345p.c22 cm(hbk)bGlossary ,About the Author ,Bibliography, Index